| 000 -LEADER |
| fixed length control field |
00968nam a22002537a 4500 |
| 005 - DATE AND TIME OF LATEST TRANSACTION |
| control field |
20251009142933.0 |
| 008 - FIXED-LENGTH DATA ELEMENTS--GENERAL INFORMATION |
| fixed length control field |
251009b ||||| |||| 00| 0 eng d |
| 020 ## - INTERNATIONAL STANDARD BOOK NUMBER |
| International Standard Book Number |
9780593351864 |
| 040 ## - CATALOGING SOURCE |
| Transcribing agency |
KH8 |
| 082 ## - DEWEY DECIMAL CLASSIFICATION NUMBER |
| Classification number |
741.5 FAI |
| 100 ## - MAIN ENTRY--PERSONAL NAME |
| Personal name |
Fairbairn, Nathan |
| Relator term |
Author |
| 245 ## - TITLE STATEMENT |
| Title |
PAWS GABBY GETS IT TOGETHER |
| 260 ## - PUBLICATION, DISTRIBUTION, ETC. |
| Place of publication, distribution, etc. |
New York |
| Name of publisher, distributor, etc. |
Razorbill (Penguin Young Readers Group) |
| Date of publication, distribution, etc. |
2022 |
| 300 ## - PHYSICAL DESCRIPTION |
| Extent |
176 pages |
| Other physical details |
colour illustrations |
| Dimensions |
20 cm x 14 cm x 1 cm |
| 500 ## - GENERAL NOTE |
| General note |
“Graphic novel about three girls who start a dog‑walking business and face friendship challenges.” |
| 520 ## - SUMMARY, ETC. |
| Summary, etc. |
“Graphic novel about three girls who start a dog‑walking business and face friendship challenges.” |
| 521 ## - TARGET AUDIENCE NOTE |
| Target audience note |
For ages 8 to 12 years |
| 650 ## - SUBJECT ADDED ENTRY--TOPICAL TERM |
| Source of heading or term |
Friendship |
| Topical term or geographic name entry element |
Juvenile fiction |
| 650 ## - SUBJECT ADDED ENTRY--TOPICAL TERM |
| Source of heading or term |
Dogs |
| Topical term or geographic name entry element |
Juvenile fiction |
| 650 ## - SUBJECT ADDED ENTRY--TOPICAL TERM |
| Source of heading or term |
Graphic novels |
| Topical term or geographic name entry element |
Juvenile fiction |
| 655 ## - INDEX TERM--GENRE/FORM |
| Genre/form data or focus term |
Comics |
| 700 ## - ADDED ENTRY--PERSONAL NAME |
| Personal name |
Assarasakorn, Michele |
| Relator term |
illustrator |
| 942 ## - ADDED ENTRY ELEMENTS (KOHA) |
| Source of classification or shelving scheme |
|
| Koha item type |
Graphic Novel |